000 01051nam0a22002651 4500
001 v19\rc\1921006
005 20251118180643.7
035 _a(NLR Aleph) 005007747
090 _a6454477
_c6454477
100 _a20080404d1912 u y0rusy50 ca
101 0 _arus
102 _aRU
105 _ay z |||||
200 1 _aУстав детского санатория имени С.Н. Коломенкина, учрежденного Воронежским отделом Общества охранения народного здравия при ст. Графской
_e[Утв. 27 янв. 1912 г.]
210 _aВоронеж
_d[1912]
215 _a7 с.
_d17
309 _aБез тит. л. и обл.
710 0 2 _aДетский санаторий им. С.Н. Коломенкина
_cСтанция Графская Юго-Восточной ж. д.
801 0 _aRU
_bNLR
_gpsbo
801 0 _aRU
_bRuMoRGB
_2psbo
801 1 _aRU
_bProSoft-M
_2rusmarc
852 _aNLR
_j43.12.9.56
899 _aRuMoRGB
_jV 74/3985
942 _cBOOK
980 _aNB